000
00316nam a22001457a 4500
020
_a
0-14-310094-7
041
_a
ENG
100
_a
Russell Ash
245
_a
World of Facts
260
_a
New York
_b
Penguin Books
_c
2007
300
_a
320
650
_a
Dictionary
700
_a
Whitaker's
856
_u
Dictionary ( 28 )
999
_c
2276
_d
2276